Estatísticas para ADVINHE AS BANDEIRAS 3

Clique aqui para jogar o quiz

Estatísticas Gerais

  • Esse quiz foi jogado 75 vezes
  • A pontuação média é 24 de 29

Estatísticas das Respostas

Resposta% Correto
CANADÁ
100%
ESTADOS UNIDOS
100%
MÉXICO
98%
DINAMARCA
97%
EQUADOR
97%
NORUEGA
97%
SUÉCIA
97%
URUGUAI
95%
VENEZUELA
95%
GUATEMALA
94%
PAÍS DE GALES
94%
BUTÃO
89%
COSTA RICA
89%
EL SALVADOR
88%
HONG KONG
80%
BELIZE
79%
ESTADOS FEDERADOS DA MICRONÉSIA
79%
PAPUA-NOVA GUINÉ
79%
TURCOMENISTÃO
77%
GUINÉ
76%
MALI
74%
GUIANA
71%
GUINÉ-BISSAU
68%
KIRIBATI
68%
NAURU
65%
PORTO RICO
65%
GUINÉ EQUATORIAL
64%
MACAU
55%
ANTÁRTIDA
24%

Distribuição das Pontuações

Percentil de Números Respondidos

Porcentagem de Pessoas com Cada Pontuação

Sua Pontuação Histórica

Você não jogou esse quiz